000 00226nam a22000857a 4500
008 161013b xxu||||| |||| 00| 0 eng d
100 _9834
_aKishore.N.
245 _aHow to Play Kho Kho
260 _aNew Delhi
_bPrema Publications
_c2012
999 _c3486
_d3486